[Event "Cheliabinsk Kurnosov Memorial Rapid-A"]
[Site "Cheliabinsk"]
[Date "2022.09.11"]
[Round "9"]
[White "Lintchevski, Daniil"]
[Black "Rublevsky, Sergei"]
[Result "1-0"]
[WhiteElo "2550"]
[BlackElo "2637"]
[PlyCount "101"]
[EventDate "2022.09.09"]
[EventType "swiss (rapid)"]
[EventRounds "11"]
[EventCountry "RUS"]
[SourceTitle "CBM 210 Extra"]
[Source "ChessBase"]
[SourceDate "2022.11.30"]
[SourceVersion "1"]
[SourceVersionDate "2022.11.30"]
[SourceQuality "1"]

1. e4 c5 2. Nf3 e6 3. c3 Nf6 4. e5 Nd5 5. d4 cxd4 6. cxd4 d6 7. Bc4 Nb6 8. Bd3 Nc6 9. 0-0 Nb4 10. Be4 d5 11. Bd3 Nxd3 12. Qxd3 Bd7 13. b3 Rc8 14. Nc3 Be7 15. Bd2 0-0 16. Ne2 Na8 17. h4 Bxh4 18. g4 Be7 19. Kg2 f5 20. exf6 gxf6 21. Rh1 Rf7 22. Rh3 Qf8 23. Rah1 Qg7 24. Nf4 Nc7 25. Nh5 Qg6 26. Qxg6+ hxg6 27. Nf4 Rg7 28. g5 Kf7 29. gxf6 Bxf6 30. Nd3 Rcg8 31. Bh6 Rh7 32. Ng5+ Bxg5 33. Bxg5 Rh5 34. Ne5+ Ke8 35. Rxh5 gxh5 36. Rxh5 Nb5 37. f4 Nxd4 38. Rh7 Bc6 39. Kf2 Nf5 40. Rc7 Nd6 41. Ke2 d4 42. Nxc6 bxc6 43. Rxa7 Rg6 44. a4 c5 45. a5 c4 46. a6 d3+ 47. Ke3 cxb3 48. Re7+ Kf8 49. a7 Nc4+ 50. Kxd3 Nb6 51. Rb7 1-0

[Event "Kazan Mayors Cup"]
[Site "Kazan"]
[Date "2022.01.31"]
[Round "7"]
[White "Oparin, Grigoriy"]
[Black "Rublevsky, Sergei"]
[Result "1/2-1/2"]
[WhiteElo "2681"]
[BlackElo "2637"]
[PlyCount "69"]
[EventDate "2022.01.28"]
[EventType "tourn (rapid)"]
[EventRounds "9"]
[EventCountry "RUS"]
[EventCategory "14"]
[SourceTitle "CBM 206"]
[Source "ChessBase"]
[SourceDate "2022.02.28"]
[SourceVersion "1"]
[SourceVersionDate "2022.02.28"]
[SourceQuality "1"]

1. Nf3 d5 2. g3 c6 3. c4 Bg4 4. Ne5 Be6 5. d4 Nd7 6. Nf3 Ngf6 7. Bg2 Bf5 8. Nc3 e6 9. Nh4 Be4 10. f3 Bg6 11. 0-0 Be7 12. e3 dxc4 13. Nxg6 hxg6 14. Qe2 Nb6 15. f4 0-0 16. g4 c5 17. dxc5 Bxc5 18. g5 Nfd5 19. Ne4 Qe7 20. Kh1 Rad8 21. Rf3 f5 22. gxf6 Nxf6 23. Ng5 e5 24. Bd2 exf4 25. Rxf4 Rxd2 26. Qxd2 Qxe3 27. Ne4 Qxd2 28. Nxd2 Be3 29. Rxc4 Bxd2 30. Rc7 Ng4 31. Rxb7 Nf2+ 32. Kg1 Be3 33. Rxa7 Nh3+ 34. Kh1 Nf2+ 35. Kg1 1/2-1/2

[Event "RUS-chT Rapid"]
[Site "Sochi"]
[Date "2021.10.16"]
[Round "6.1"]
[White "Sarana, Alexey"]
[Black "Rublevsky, Sergei"]
[Result "1/2-1/2"]
[WhiteElo "2649"]
[BlackElo "2637"]
[PlyCount "117"]
[EventDate "2021.10.15"]
[EventType "team-swiss (rapid)"]
[EventRounds "9"]
[EventCountry "RUS"]
[SourceTitle "CBM 204 Extra"]
[Source "ChessBase"]
[SourceDate "2021.11.30"]
[SourceVersion "1"]
[SourceVersionDate "2021.11.30"]
[SourceQuality "1"]
[WhiteTeam "Moscow Sbornaja"]
[BlackTeam "Moscow Gogolevsiy 14"]
[WhiteTeamCountry "RUS"]
[BlackTeamCountry "RUS"]

1. d4 d5 2. Nf3 Nf6 3. c4 c6 4. Nc3 dxc4 5. a4 e6 6. e3 c5 7. Bxc4 cxd4 8. exd4 Nc6 9. 0-0 Be7 10. Re1 0-0 11. Bf4 Bd7 12. Ne5 Rc8 13. Nxd7 Qxd7 14. d5 exd5 15. Nxd5 Nxd5 16. Qxd5 Qxd5 17. Bxd5 Bf6 18. Rab1 Rfd8 19. Bf3 b6 20. Bg4 Ra8 21. Bc7 Rd2 22. Bf3 Rc2 23. Be4 Rc4 24. Rbc1 Rxc1 25. Rxc1 Nd4 26. Bxa8 Ne2+ 27. Kf1 Nxc1 28. Bb8 a6 29. b4 b5 30. axb5 axb5 31. Bc6 Nd3 32. Bd6 Bc3 33. Bxb5 Bxb4 34. Bc7 Nc5 35. Ke2 Ne6 36. Be5 Bc5 37. Bc4 Bd4 38. Bg3 g6 39. Kd3 Bb6 40. Ke4 h5 41. Kd5 Kg7 42. Be5+ Kg8 43. f4 Be3 44. Ke4 Bc1 45. g3 Ba3 46. Bf6 Nc5+ 47. Kd5 Nd7 48. Bd4 Be7 49. h3 Nf6+ 50. Ke5 Nd7+ 51. Ke4 Nf6+ 52. Kf3 Nd7 53. Bb5 Nf6 54. Bc6 Kf8 55. f5 gxf5 56. Kf4 Ne4 57. Be5 f6 58. Bd4 Kf7 59. Bxe4 1/2-1/2

[Event "RUS-chT Rapid"]
[Site "Sochi"]
[Date "2021.10.15"]
[Round "4.2"]
[White "Alekseev, Evgeny V"]
[Black "Rublevsky, Sergei"]
[Result "1-0"]
[WhiteElo "2602"]
[BlackElo "2637"]
[PlyCount "133"]
[EventDate "2021.10.15"]
[EventType "team-swiss (rapid)"]
[EventRounds "9"]
[EventCountry "RUS"]
[SourceTitle "CBM 204 Extra"]
[Source "ChessBase"]
[SourceDate "2021.11.30"]
[SourceVersion "1"]
[SourceVersionDate "2021.11.30"]
[SourceQuality "1"]
[WhiteTeam "St Petersburg SShOR"]
[BlackTeam "Moscow Gogolevsiy 14"]
[WhiteTeamCountry "RUS"]
[BlackTeamCountry "RUS"]

1. Nf3 d5 2. e3 Nf6 3. c4 c6 4. Nc3 a6 5. d4 e6 6. b3 Bb4 7. Bd2 Nbd7 8. Bd3 0-0 9. 0-0 Bd6 10. h3 h6 11. Rc1 e5 12. cxd5 cxd5 13. dxe5 Nxe5 14. Nxe5 Bxe5 15. Ne2 Ne4 16. Bxe4 dxe4 17. Bc3 Bb8 18. Bb4 Re8 19. Qxd8 Rxd8 20. Rfd1 Rxd1+ 21. Rxd1 Bc7 22. Nc3 Bf5 23. g4 Bg6 24. Rd7 Be5 25. Nd5 b5 26. Bd6 Bb2 27. Ne7+ Kh7 28. h4 h5 29. Nxg6 Kxg6 30. gxh5+ Kf5 31. Bg3 Ke6 32. Rd6+ Ke7 33. h6 gxh6 34. Rxh6 Bf6 35. a4 bxa4 36. bxa4 Rc8 37. Rh5 Bc3 38. Be5 Bb4 39. Bd4 f6 40. Rf5 Rf8 41. Bc5+ Bxc5 42. Rxc5 Rb8 43. Kg2 Ke6 44. Kg3 Rb1 45. Rc6+ Kf5 46. Rxa6 Rg1+ 47. Kh2 Ra1 48. h5 Kg5 49. h6 Kg6 50. Kg2 Ra2 51. a5 Ra1 52. Kg3 Rg1+ 53. Kf4 Rg2 54. Kxe4 Rxf2 55. Rb6 Kxh6 56. a6 Kg5 57. Kd5 Ra2 58. Kc6 Ra3 59. e4 Ra4 60. Kb5 Ra1 61. Re6 Kg6 62. Kb6 Kf7 63. Rc6 Rb1+ 64. Kc7 Ra1 65. Kb7 Rb1+ 66. Rb6 Re1 67. a7 1-0

[Event "RUS-chT Rapid"]
[Site "Sochi"]
[Date "2021.10.15"]
[Round "3.2"]
[White "Rublevsky, Sergei"]
[Black "Lysyj, Igor"]
[Result "1-0"]
[WhiteElo "2637"]
[BlackElo "2603"]
[PlyCount "97"]
[EventDate "2021.10.15"]
[EventType "team-swiss (rapid)"]
[EventRounds "9"]
[EventCountry "RUS"]
[SourceTitle "CBM 204 Extra"]
[Source "ChessBase"]
[SourceDate "2021.11.30"]
[SourceVersion "1"]
[SourceVersionDate "2021.11.30"]
[SourceQuality "1"]
[WhiteTeam "Moscow Gogolevsiy 14"]
[BlackTeam "Cheliabinsk Yuzhnyy Ural"]
[WhiteTeamCountry "RUS"]
[BlackTeamCountry "RUS"]

1. e4 e5 2. Nf3 Nc6 3. Nc3 Nf6 4. d4 exd4 5. Nxd4 Bb4 6. Nxc6 bxc6 7. Bd3 0-0 8. 0-0 d5 9. exd5 cxd5 10. h3 c6 11. Qf3 Bd6 12. Re1 Bd7 13. Bg5 h6 14. Bf4 Bxf4 15. Qxf4 Qb8 16. Qe3 Re8 17. Qc5 a5 18. a3 Qa7 19. Na4 Be6 20. Qxa7 Rxa7 21. f4 Kf8 22. Kf2 Bd7 23. g4 g5 24. Kg3 Bc8 25. Rxe8+ Nxe8 26. Re1 Re7 27. Rxe7 Kxe7 28. Nc5 Kd6 29. Nb3 a4 30. Nd4 Ng7 31. Ne2 c5 32. Bb5 d4 33. Bxa4 Ba6 34. Ng1 Ne6 35. fxg5 hxg5 36. Nf3 f6 37. h4 gxh4+ 38. Nxh4 c4 39. b4 Nc7 40. Nf3 Kd5 41. Bd7 Bb5 42. Bxb5 Nxb5 43. a4 Na3 44. Ne1 Nxc2 45. Nxc2 d3 46. Ne3+ Kd4 47. Nf5+ Ke4 48. Kf2 c3 49. Ke1 1-0

[Event "RUS-chT Rapid"]
[Site "Sochi"]
[Date "2021.10.15"]
[Round "5.2"]
[White "Rublevsky, Sergei"]
[Black "Pridorozhni, Aleksei"]
[Result "1-0"]
[WhiteElo "2637"]
[BlackElo "2564"]
[PlyCount "102"]
[EventDate "2021.10.15"]
[EventType "team-swiss (rapid)"]
[EventRounds "9"]
[EventCountry "RUS"]
[SourceTitle "CBM 204 Extra"]
[Source "ChessBase"]
[SourceDate "2021.11.30"]
[SourceVersion "1"]
[SourceVersionDate "2021.11.30"]
[SourceQuality "1"]
[WhiteTeam "Moscow Gogolevsiy 14"]
[BlackTeam "Novosibirsk Region"]
[WhiteTeamCountry "RUS"]
[BlackTeamCountry "RUS"]

1. e4 c5 2. Nf3 e6 3. c3 Nf6 4. e5 Nd5 5. Bc4 Nb6 6. Bb3 c4 7. Bc2 d5 8. exd6 Nc6 9. 0-0 Bxd6 10. d4 cxd3 11. Qxd3 Qc7 12. Na3 a6 13. Rd1 Bf4 14. Nc4 Nxc4 15. Qxc4 Bxc1 16. Raxc1 Qe7 17. Qg4 g6 18. Ng5 e5 19. Qg3 0-0 20. Ne4 Be6 21. Bb3 Rad8 22. Bxe6 Qxe6 23. Qh4 Qe7 24. Qxe7 Nxe7 25. Nf6+ Kg7 26. Nd7 Rfe8 27. Nxe5 Nc8 28. Rxd8 Rxd8 29. Nf3 b5 30. Kf1 Nb6 31. b3 Nd5 32. c4 bxc4 33. Rxc4 Rb8 34. Ne5 Rb7 35. g3 h5 36. Rc5 Nf6 37. Nc4 Ne4 38. Ra5 Ra7 39. f3 Nc3 40. Ke1 Rd7 41. Rxa6 Rd1+ 42. Kf2 Rh1 43. h4 Rh2+ 44. Ke3 Nxa2 45. Ra7 Nc1 46. Ne5 Re2+ 47. Kf4 Kf6 48. Rxf7+ Ke6 49. Rc7 Re1 50. Nxg6 Nxb3 51. Re7+ Kd5 1-0

[Event "RUS-chT Rapid"]
[Site "Sochi"]
[Date "2021.10.15"]
[Round "2.2"]
[White "Zakhartsov, Vladimir"]
[Black "Rublevsky, Sergei"]
[Result "1/2-1/2"]
[WhiteElo "2514"]
[BlackElo "2637"]
[PlyCount "113"]
[EventDate "2021.10.15"]
[EventType "team-swiss (rapid)"]
[EventRounds "9"]
[EventCountry "RUS"]
[SourceTitle "CBM 204 Extra"]
[Source "ChessBase"]
[SourceDate "2021.11.30"]
[SourceVersion "1"]
[SourceVersionDate "2021.11.30"]
[SourceQuality "1"]
[WhiteTeam "Moscow Severnyy Kharakter"]
[BlackTeam "Moscow Gogolevsiy 14"]
[WhiteTeamCountry "RUS"]
[BlackTeamCountry "RUS"]

1. d4 d5 2. c4 dxc4 3. Nf3 a6 4. e3 Nf6 5. a4 e6 6. Bxc4 c5 7. 0-0 Nc6 8. Nc3 Be7 9. Qe2 cxd4 10. Rd1 e5 11. exd4 exd4 12. Nxd4 Nxd4 13. Qe5 Qd6 14. Qxd6 Bxd6 15. Rxd4 Be5 16. Rd1 0-0 17. Nd5 Be6 18. Nxf6+ Bxf6 19. Bxe6 fxe6 20. Be3 Rad8 21. Bc5 Rfe8 22. Bb6 Rd5 23. Rdb1 Rc8 24. Kf1 Rc2 25. Be3 Bd4 26. Ra3 Bxe3 27. Rxe3 Rdd2 28. Rf3 Rxb2 29. Re1 Rd6 30. g3 h6 31. Rc1 Rd5 32. Rc8+ Kh7 33. Rcf8 Rb4 34. R3f7 b6 35. Ra7 Rxa4 36. Rff7 Rg5 37. f4 Rg4 38. Kg2 Ra2+ 39. Kh3 h5 40. Rfb7 b5 41. Rb6 Rg6 42. Rxb5 axb5 43. Rxa2 e5 44. fxe5 Rb6 45. Re2 Kg8 46. Kh4 b4 47. Kxh5 b3 48. Rb2 Kf7 49. h4 Ke6 50. Kg6 Rb4 51. Kxg7 Rg4+ 52. Kh6 Rxg3 53. h5 Kxe5 54. Kh7 Kf6 55. h6 Rc3 56. Rf2+ Kg5 57. Rg2+ 1/2-1/2

[Event "RUS-chT Blitz"]
[Site "Sochi"]
[Date "2021.10.14"]
[Round "7.1"]
[White "Artemiev, Vladislav"]
[Black "Rublevsky, Sergei"]
[Result "1-0"]
[WhiteElo "2699"]
[BlackElo "2637"]
[PlyCount "100"]
[EventDate "2021.10.14"]
[EventType "team-swiss (blitz)"]
[EventRounds "13"]
[EventCountry "RUS"]
[SourceTitle "CBM 204 Extra"]
[Source "ChessBase"]
[SourceDate "2021.11.30"]
[SourceVersion "1"]
[SourceVersionDate "2021.11.30"]
[SourceQuality "1"]
[WhiteTeam "Tatarstan Ladya"]
[BlackTeam "Moscow Gogolevsiy 14"]
[WhiteTeamCountry "RUS"]
[BlackTeamCountry "RUS"]

1. Nf3 d5 2. g3 c6 3. Bg2 Bg4 4. 0-0 Nf6 5. d4 e6 6. Nbd2 Nbd7 7. Re1 Be7 8. e4 h6 9. e5 Nh7 10. c3 0-0 11. Nb3 a5 12. a4 Ng5 13. Bxg5 Bxg5 14. h3 Bh5 15. Bf1 f6 16. g4 Bg6 17. Bd3 Bxd3 18. Qxd3 fxe5 19. dxe5 c5 20. Qd1 Bf4 21. Kg2 Qc7 22. Qe2 Rf7 23. c4 Raf8 24. cxd5 exd5 25. e6 Re7 26. Qb5 Ne5 27. Nxe5 Bxe5 28. Qxc5 Qxc5 29. Nxc5 Bxb2 30. Rab1 Bd4 31. Nd3 Rf6 32. Rb5 Rexe6 33. Rxe6 Rxe6 34. Rxd5 Bc3 35. Rc5 Bd4 36. Rxa5 Re2 37. Rd5 Bf6 38. Nc5 Ra2 39. Nxb7 Rxa4 40. Rf5 Rd4 41. Nc5 Rc4 42. Nd7 Be7 43. Re5 Kf7 44. Rb5 Rc7 45. Ne5+ Kg8 46. f4 Bd6 47. Kf3 Rc3+ 48. Ke4 Bxe5 49. fxe5 Rxh3 50. Kf5 Kf8 1-0

[Event "RUS-chT Blitz"]
[Site "Sochi"]
[Date "2021.10.14"]
[Round "9.2"]
[White "Rublevsky, Sergei"]
[Black "Sarana, Alexey"]
[Result "0-1"]
[WhiteElo "2637"]
[BlackElo "2649"]
[PlyCount "96"]
[EventDate "2021.10.14"]
[EventType "team-swiss (blitz)"]
[EventRounds "13"]
[EventCountry "RUS"]
[SourceTitle "CBM 204 Extra"]
[Source "ChessBase"]
[SourceDate "2021.11.30"]
[SourceVersion "1"]
[SourceVersionDate "2021.11.30"]
[SourceQuality "1"]
[WhiteTeam "Moscow Gogolevsiy 14"]
[BlackTeam "Moscow Sbornaja"]
[WhiteTeamCountry "RUS"]
[BlackTeamCountry "RUS"]

1. e4 c5 2. Nf3 d6 3. d4 Nf6 4. Nc3 cxd4 5. Nxd4 a6 6. Bc4 e6 7. Bb3 Nbd7 8. Bg5 Nc5 9. 0-0 Be7 10. Re1 0-0 11. f4 Bd7 12. Qf3 h6 13. Bh4 Rc8 14. Rad1 b5 15. a3 a5 16. Kh1 b4 17. axb4 axb4 18. Ncb5 Nfxe4 19. Bxe7 Qxe7 20. Rxe4 Nxe4 21. Qxe4 d5 22. Qe5 Qc5 23. Ba4 f6 24. Qe2 Rfe8 25. Rd2 e5 26. Nb3 exf4 27. Nxc5 Rxe2 28. Rxe2 Rxc5 29. Nc3 bxc3 30. b4 Rc7 31. Bb3 Bc6 32. Kg1 Kf8 33. Re6 Bb5 34. Bxd5 Re7 35. Rxe7 Kxe7 36. Kf2 Kd6 37. Bb3 g5 38. Bf7 Ke5 39. Bh5 Ba4 40. Bd1 f5 41. Kf3 g4+ 42. Kf2 h5 43. Ke1 Kd4 44. Kf2 Kc4 45. Be2+ Kxb4 46. Bd3 Ka3 47. Ke1 Kb2 48. Kd1 Bc6 0-1

[Event "RUS-chT Blitz"]
[Site "Sochi"]
[Date "2021.10.14"]
[Round "10.4"]
[White "Sjugirov, Sanan"]
[Black "Rublevsky, Sergei"]
[Result "0-1"]
[WhiteElo "2663"]
[BlackElo "2637"]
[PlyCount "77"]
[EventDate "2021.10.14"]
[EventType "team-swiss (blitz)"]
[EventRounds "13"]
[EventCountry "RUS"]
[SourceTitle "CBM 204 Extra"]
[Source "ChessBase"]
[SourceDate "2021.11.30"]
[SourceVersion "1"]
[SourceVersionDate "2021.11.30"]
[SourceQuality "1"]
[WhiteTeam "Kalmykiya Uralan"]
[BlackTeam "Moscow Gogolevsiy 14"]
[WhiteTeamCountry "RUS"]
[BlackTeamCountry "RUS"]

1. e4 c5 2. Nf3 e6 3. d4 cxd4 4. Nxd4 a6 5. Bd3 Bc5 6. Nb3 Be7 7. Qg4 g6 8. Qe2 d6 9. 0-0 Nd7 10. Nc3 Qc7 11. a4 b6 12. Bd2 Bb7 13. Rae1 Ngf6 14. Bh6 Ne5 15. h3 Nh5 16. Qd2 g5 17. Be2 Nf4 18. Bg7 Rg8 19. Bxe5 dxe5 20. Qe3 h5 21. f3 f6 22. Kh2 Kf7 23. g3 Nxe2 24. Rxe2 Rad8 25. Rd2 Bc6 26. Rfd1 Rxd2+ 27. Qxd2 Rd8 28. Qe2 Rxd1 29. Qxd1 Bb4 30. Qd3 Qb7 31. Qc4 Be7 32. g4 b5 33. axb5 axb5 34. Qd3 hxg4 35. hxg4 b4 36. Nd1 Bb5 37. Qd2 Qa7 38. Kg2 Qa1 39. Nxa1 0-1

[Event "EU-Cup 36th"]
[Site "Struga"]
[Date "2021.09.21"]
[Round "4.4"]
[White "Rublevsky, Sergei"]
[Black "Alekseenko, Kirill"]
[Result "0-1"]
[WhiteElo "2641"]
[BlackElo "2693"]
[PlyCount "80"]
[EventDate "2021.09.18"]
[EventType "team-swiss"]
[EventRounds "7"]
[EventCountry "MKD"]
[SourceTitle "CBM 204 Extra"]
[Source "ChessBase"]
[SourceDate "2021.11.30"]
[SourceVersion "1"]
[SourceVersionDate "2021.11.30"]
[SourceQuality "1"]
[WhiteTeam "KPRF"]
[BlackTeam "Mednyi Vsadnik"]
[WhiteTeamCountry "RUS"]
[BlackTeamCountry "RUS"]

1. e4 c5 2. Nf3 d6 3. d4 cxd4 4. Nxd4 Nf6 5. Nc3 a6 6. Be2 e5 7. Nb3 Be7 8. 0-0 0-0 9. Re1 h6 10. a4 Be6 11. Bf3 Nh7 12. Nd5 Bg5 13. Be3 Bxe3 14. Rxe3 Ng5 15. Rd3 Nc6 16. a5 f5 17. exf5 Bxf5 18. Re3 Nxf3+ 19. Rxf3 Qh4 20. Ne3 Be6 21. Rxf8+ Rxf8 22. Qd2 Kh8 23. Rd1 Bxb3 24. cxb3 Nd4 25. b4 d5 26. h3 Rf3 27. Nf1 Rxh3 28. Ng3 Qf6 29. Qc1 Rxg3 30. Qc8+ Kh7 31. fxg3 e4 32. Kh2 Qe5 33. Rxd4 Qxd4 34. b5 Qe5 35. bxa6 bxa6 36. Qxa6 d4 37. Qc4 d3 38. a6 Qh5+ 39. Kg1 d2 40. Qxe4+ Qg6 0-1

[Event "RUS-chT 27th"]
[Site "Sochi"]
[Date "2020.11.25"]
[Round "6.1"]
[White "Iljiushenok, Ilia"]
[Black "Rublevsky, Sergei"]
[Result "1/2-1/2"]
[WhiteElo "2539"]
[BlackElo "2653"]
[PlyCount "58"]
[EventDate "2020.11.19"]
[EventType "team-tourn"]
[EventRounds "9"]
[EventCountry "RUS"]
[SourceTitle "CBM 199"]
[Source "ChessBase"]
[SourceDate "2020.12.31"]
[SourceVersion "1"]
[SourceVersionDate "2020.12.31"]
[SourceQuality "1"]
[WhiteTeam "Moscow Region "]
[BlackTeam "Moscow KPRF"]
[WhiteTeamCountry "RUS"]
[BlackTeamCountry "RUS"]

1. e4 c5 2. Nf3 e6 3. d4 cxd4 4. Nxd4 Nc6 5. Nc3 a6 6. g3 d6 7. Nxc6 bxc6 8. Bg2 d5 9. 0-0 Nf6 10. Na4 Be7 11. Qe2 0-0 12. b3 Nxe4 13. Bxe4 dxe4 14. Rd1 Qc7 15. Qxe4 e5 16. Be3 Be6 17. Bc5 f5 18. Qe2 f4 19. Bxe7 Qxe7 20. Qxe5 fxg3 21. fxg3 Rf5 22. Qe3 Qf6 23. Re1 Bf7 24. Nb6 Rf3 25. Qe4 Qc3 26. Na4 Qf6 27. Nb6 Qc3 28. Na4 Qf6 29. Nb6 Qc3 1/2-1/2

[Event "SRB-chT Premier"]
[Site "Ruma"]
[Date "2020.09.29"]
[Round "6.3"]
[White "Rublevsky, Sergei"]
[Black "Predke, Alexandr"]
[Result "1/2-1/2"]
[WhiteElo "2651"]
[BlackElo "2684"]
[PlyCount "63"]
[EventDate "2020.09.25"]
[EventType "team-tourn"]
[EventRounds "11"]
[EventCountry "SRB"]
[SourceTitle "CBM 198 Extra"]
[Source "ChessBase"]
[SourceDate "2020.11.30"]
[SourceVersion "1"]
[SourceVersionDate "2020.11.30"]
[SourceQuality "1"]
[WhiteTeam "Ruma Sloven"]
[BlackTeam "Belgrade Itaka"]
[WhiteTeamCountry "SRB"]
[BlackTeamCountry "SRB"]

1. e4 e5 2. Nf3 Nc6 3. Bb5 a6 4. Ba4 Nf6 5. d3 b5 6. Bb3 Bc5 7. Nc3 d6 8. Nd5 h6 9. Nxf6+ Qxf6 10. Bd5 Bd7 11. Be3 Rb8 12. 0-0 0-0 13. Qe1 Rfe8 14. Bxc6 Bxc6 15. Bxc5 dxc5 16. Qe3 Qd6 17. Nd2 c4 18. dxc4 Red8 19. Nb3 bxc4 20. Na5 Rb5 21. Nxc4 Qd4 22. Qxd4 Rxd4 23. b3 Bxe4 24. Rfe1 Bxc2 25. Rxe5 Rxe5 26. Nxe5 Be4 27. Nc4 c6 28. f3 Bd5 29. Rc1 Bxc4 30. Rxc4 Rd1+ 31. Kf2 Rd2+ 32. Kg3 1/2-1/2

[Event "SRB-chT Premier"]
[Site "Ruma"]
[Date "2020.09.26"]
[Round "2.5"]
[White "Rublevsky, Sergei"]
[Black "Rakhmanov, Alexander"]
[Result "1/2-1/2"]
[WhiteElo "2651"]
[BlackElo "2645"]
[PlyCount "72"]
[EventDate "2020.09.25"]
[EventType "team-tourn"]
[EventRounds "11"]
[EventCountry "SRB"]
[SourceTitle "CBM 198 Extra"]
[Source "ChessBase"]
[SourceDate "2020.11.30"]
[SourceVersion "1"]
[SourceVersionDate "2020.11.30"]
[SourceQuality "1"]
[WhiteTeam "Ruma Sloven"]
[BlackTeam "Vladimirci"]
[WhiteTeamCountry "SRB"]
[BlackTeamCountry "SRB"]

1. e4 c5 2. Nf3 Nf6 3. e5 Nd5 4. g3 Nc6 5. Bg2 d6 6. exd6 Bg4 7. h3 Bxf3 8. Bxf3 Qxd6 9. 0-0 e6 10. Nc3 Nf6 11. d3 Be7 12. Ne4 Qd7 13. Be3 Nd4 14. Bg2 Rc8 15. c3 Nf5 16. Bg5 Nd5 17. Bxe7 Ndxe7 18. Qg4 Ng6 19. Rad1 0-0 20. Rfe1 b6 21. Ng5 Nge7 22. Qe4 h6 23. Nf3 Rcd8 24. d4 Qa4 25. a3 Ng6 26. h4 cxd4 27. h5 Nge7 28. g4 Nd6 29. Qxd4 Qxd4 30. Rxd4 Nc6 31. Ra4 Rd7 32. Rd1 Rfd8 33. Nd4 Nb8 34. Nc6 Nxc6 35. Bxc6 Rc7 36. Bf3 Kf8 1/2-1/2

[Event "RUS-ch blitz"]
[Site "Sochi"]
[Date "2019.10.17"]
[Round "4"]
[White "Gutenev, Alexander"]
[Black "Rublevsky, Sergei"]
[Result "1/2-1/2"]
[WhiteElo "2469"]
[BlackElo "2651"]
[PlyCount "85"]
[EventDate "2019.10.17"]
[EventType "swiss (blitz)"]
[EventRounds "15"]
[EventCountry "RUS"]
[SourceTitle "CBM 192 Extra"]
[Source "Chessbase"]
[SourceDate "2019.11.06"]
[SourceVersion "1"]
[SourceVersionDate "2019.11.06"]
[SourceQuality "1"]

1. e4 c5 2. Nf3 e6 3. d4 cxd4 4. Nxd4 a6 5. Nc3 Qc7 6. Be2 Nf6 7. 0-0 Be7 8. f4 d6 9. Qe1 0-0 10. Qg3 b5 11. Bf3 Bb7 12. e5 Ne8 13. Ne4 Nd7 14. Ng5 Bxg5 15. Qxg5 Bxf3 16. Nxf3 Qxc2 17. Be3 dxe5 18. fxe5 Qxb2 19. Rad1 f6 20. Qg4 Nxe5 21. Qxe6+ Rf7 22. Nd4 Nc7 23. Qh3 Nd5 24. Nf5 Nxe3 25. Qxe3 Qxa2 26. Nd6 Rd7 27. Ne4 Rxd1 28. Rxd1 Qe6 29. Nc5 Qe7 30. h3 Re8 31. Nxa6 Qf7 32. Rb1 Nc4 33. Qc5 Nd2 34. Rd1 Qc4 35. Rxd2 Re1+ 36. Kf2 Rf1+ 37. Ke3 Re1+ 38. Kf2 Rf1+ 39. Ke3 Re1+ 40. Kf2 Rf1+ 41. Ke3 Re1+ 42. Kf3 Rf1+ 43. Rf2 1/2-1/2

[Event "RUS-ch blitz"]
[Site "Sochi"]
[Date "2019.10.17"]
[Round "12"]
[White "Mikhailovsky, Vladimir"]
[Black "Rublevsky, Sergei"]
[Result "0-1"]
[WhiteElo "2209"]
[BlackElo "2651"]
[PlyCount "101"]
[EventDate "2019.10.17"]
[EventType "swiss (blitz)"]
[EventRounds "15"]
[EventCountry "RUS"]
[SourceTitle "CBM 192 Extra"]
[Source "Chessbase"]
[SourceDate "2019.11.06"]
[SourceVersion "1"]
[SourceVersionDate "2019.11.06"]
[SourceQuality "1"]

1. e4 c5 2. d4 cxd4 3. c3 dxc3 4. Nxc3 Nc6 5. Nf3 e6 6. Bc4 d6 7. 0-0 Be7 8. Qe2 Nf6 9. Rd1 e5 10. h3 0-0 11. Bg5 Be6 12. Bxf6 Bxf6 13. Nd5 Bg5 14. a3 Rc8 15. b4 Bh6 16. b5 Ne7 17. Nh2 Rc5 18. Ng4 Bg5 19. Nge3 Bxe3 20. Nxe3 Qc7 21. Bxe6 fxe6 22. Qg4 Rf6 23. Rd2 Rxb5 24. Rad1 Rb6 25. Qh5 Ng6 26. Ng4 Rf8 27. Qg5 Qd8 28. Qe3 Qe7 29. g3 Rc8 30. h4 Nf8 31. h5 h6 32. a4 Nd7 33. a5 Ra6 34. Qa3 Rc5 35. Qb4 Nb8 36. Ne3 Nc6 37. Qa3 Nd4 38. Kg2 Rcxa5 39. Qb4 Ra4 40. Qc3 Rc6 41. Qb2 Qf7 42. f4 Qxh5 43. Rf1 b5 44. f5 exf5 45. exf5 Qf7 46. f6 gxf6 47. Rdf2 Rc1 48. Qxc1 Ra2 49. Qc8+ Kh7 50. Nf5 Rxf2+ 51. Rxf2 0-1

[Event "RUS-ch blitz"]
[Site "Sochi"]
[Date "2019.10.17"]
[Round "3"]
[White "Rublevsky, Sergei"]
[Black "Faizrakhmanov, Ramil"]
[Result "1-0"]
[WhiteElo "2651"]
[BlackElo "2434"]
[PlyCount "59"]
[EventDate "2019.10.17"]
[EventType "swiss (blitz)"]
[EventRounds "15"]
[EventCountry "RUS"]
[SourceTitle "CBM 192 Extra"]
[Source "Chessbase"]
[SourceDate "2019.11.06"]
[SourceVersion "1"]
[SourceVersionDate "2019.11.06"]
[SourceQuality "1"]

1. e4 c6 2. d4 d5 3. e5 Bf5 4. Nf3 e6 5. Be2 Ne7 6. 0-0 Nd7 7. Nbd2 Nc8 8. a4 Be7 9. a5 a6 10. Nb3 0-0 11. Be3 Na7 12. c4 dxc4 13. Bxc4 Nb5 14. Qe2 Bg4 15. h3 Bxf3 16. Qxf3 Bg5 17. Qg4 Bxe3 18. fxe3 Qe7 19. Rf3 Rad8 20. Raf1 c5 21. Nxc5 Nxc5 22. dxc5 Qxc5 23. Rxf7 Rxf7 24. Qxe6 Kh8 25. Qxf7 h6 26. e6 Nd6 27. Qe7 Re8 28. Rf8+ Kh7 29. Bd3+ Nf5 30. Qxc5 1-0

[Event "RUS-ch blitz"]
[Site "Sochi"]
[Date "2019.10.17"]
[Round "15"]
[White "Rublevsky, Sergei"]
[Black "Khismatullin, Denis Rimovich"]
[Result "1-0"]
[WhiteElo "2651"]
[BlackElo "2611"]
[PlyCount "25"]
[EventDate "2019.10.17"]
[EventType "swiss (blitz)"]
[EventRounds "15"]
[EventCountry "RUS"]
[SourceTitle "CBM 192 Extra"]
[Source "Chessbase"]
[SourceDate "2019.11.06"]
[SourceVersion "1"]
[SourceVersionDate "2019.11.06"]
[SourceQuality "1"]

1. e4 d6 2. d4 e5 3. Nf3 Nd7 4. Bc4 h6 5. dxe5 dxe5 6. Bxf7+ Kxf7 7. Nxe5+ Kf6 8. Qd5 Bb4+ 9. c3 Ne7 10. Qf7+ Kxe5 11. Bf4+ Kxe4 12. Nd2+ Kd3 13. Qc4+ 1-0